Statistics for Most Liked Harry Potter Characters

Click here to take the quiz!

General Stats

  • This quiz has been taken 218 times
  • The average score is 17 of 20

Answer Stats

#Character% Correct
4Harry Potter
99%
8Albus Dumbledore
98%
2Hermione Granger
98%
5Ron Weasley
98%
1Severus Snape
95%
20George Weasley
93%
10Draco Malfoy
92%
13Fred Weasley
92%
12Neville Longbottom
91%
3Sirius Black
91%
6Luna Lovegood
90%
7Ginny Weasley
89%
15Minerva McGonagall
89%
11Remus Lupin
88%
16Rubeus Hagrid
86%
17Lord Voldemort
84%
9Dobby
77%
14Bellatrix Lestrange
76%
18Nymphadora Tonks
69%
19Gilderoy Lockhart
52%

Score Distribution

Percentile by Number Answered

Percent of People with Each Score

Your Score History

You have not taken this quiz